Personagens de Mortal Kombat - Statistics

Estatísticas Gerais
  • Esse quiz foi jogado 437 vezes
  • A pontuação média é 37 de 82
Estatísticas das Respostas
Personagem % Correto
Sub-Zero
94%
Scorpion
93%
Kitana
84%
Liu Kang
84%
Kung Lao
79%
Raiden
78%
Jax Briggs
77%
Sonya Blade
77%
Baraka
76%
Jade
76%
Johnny Cage
75%
Mileena
74%
Goro
73%
Noob Saibot
71%
Smoke
71%
Reptile
70%
Shang Tsung
66%
Kano
65%
Cyrax
64%
Kabal
63%
Rain
61%
Shao Kahn
61%
Sindel
61%
Ermac
59%
Sektor
59%
Sheeva
59%
Cassie Cage
55%
Motaro
55%
Kintaro
53%
Nightwolf
53%
Quan Chi
52%
Frost
50%
Kotal
50%
Stryker
49%
Kenshi Takahashi
46%
Bo' Rai Cho
45%
Tanya
44%
Shinnok
40%
Fujin
39%
Jacqui Briggs
39%
D'Vorah
38%
Onaga
38%
Skarlet
37%
Blaze
35%
Takeda Takahashi
34%
Erron Black
33%
Nitara
33%
Cetrion
32%
Kobra
32%
Mavado
32%
Kronika
31%
Reiko
31%
Chameleon
30%
Geras
30%
Li Mei
30%
Meat
30%
Tremor
30%
Ferra
29%
Ashrah
28%
Havik
28%
Khameleon
28%
Kung Jin
28%
Mokap
28%
Shujinko
28%
Kira
27%
Kollector
27%
Taven
27%
Sareena
26%
Daegon
25%
Drahmin
25%
Kai
25%
Darrius
24%
Hsu Hao
24%
Jarek
24%
Moloch
24%
Torr
23%
Hotaru
22%
Dairou
21%
Kia
11%
Jataaka
10%
No Face
9%
Tasia
8%
Nenhum quiz correspondente encontrado
Distribuição das Pontuações
Porcentagem de Pessoas com Cada Pontuação
Percentil de Números Respondidos
Sua Pontuação Histórica
Você não jogou esse quiz